<The> Evolution of the concept and the role of sovereignty

Pôvod a história koncepcie suverenity. Základné princípy medzinárodného štátneho poriadku. Suverenita v medzinárodných vzťahoch.

Salvato in:
Dettagli Bibliografici
Autore principale: Grittersová, Jana
Natura: Capitolo di libro
Lingua:inglese
Soggetti:
Tags: Aggiungi Tag
Nessun Tag, puoi essere il primo ad aggiungerne!!

MARC

LEADER 00000naa a2200000 4500
001 r036401
005 20230922115147.8
041 0 |a eng 
044 |a SK 
245 1 0 |a <The> Evolution of the concept and the role of sovereignty  |c Jana Grittersová 
520 |a Pôvod a história koncepcie suverenity. Základné princípy medzinárodného štátneho poriadku. Suverenita v medzinárodných vzťahoch. 
610 2 0 |a suverenita štátna 
610 2 0 |a demokracia 
610 2 0 |a legislatíva 
610 2 0 |a vzťahy politické medzinárodné 
610 2 0 |a systémy právne 
610 2 0 |a právo medzinárodné 
100 1 |a Grittersová, Jana